|
|
|
|
| LEADER |
00000nam0a2200000 4500 |
| 001 |
301380 |
| 005 |
20231102001409.0 |
| 035 |
|
|
|a (RuTPU)RU\TPU\book\326552
|
| 090 |
|
|
|a 301380
|
| 100 |
|
|
|a 20150730d1953 km y0rusy50 ca
|
| 101 |
0 |
|
|a rus
|
| 102 |
|
|
|a RU
|
| 105 |
|
|
|a a z 001zb
|
| 200 |
1 |
|
|a Жизнь и деятельность академика Николая Дмитриевича Зелинского
|f Ю. К. Юрьев, Р. Я. Левина
|
| 210 |
|
|
|a Москва
|c Изд-во МОИП
|d 1953
|
| 215 |
|
|
|a 117 с.
|c ил.
|
| 320 |
|
|
|a Библиогр.: с. 105-114.
|
| 600 |
|
1 |
|a Зелинский
|g Николай Дмитриевич
|c российский химик-органик
|f 1861-1953
|b Н. Д.
|2 stltpush
|3 (RuTPU)RU\TPU\pers\1320
|
| 606 |
1 |
|
|a Химики
|x Персоналии
|2 stltpush
|3 (RuTPU)RU\TPU\subj\69968
|9 84576
|
| 610 |
1 |
|
|a химическая наука
|
| 610 |
1 |
|
|a история
|
| 610 |
1 |
|
|a Россия
|
| 610 |
1 |
|
|a СССР
|
| 610 |
1 |
|
|a биографии
|
| 675 |
|
|
|a 54(092)
|v 4
|
| 700 |
|
1 |
|a Юрьев
|b Ю. К.
|g Юрий Константинович
|
| 701 |
|
1 |
|a Левина
|b Р. Я.
|g Роза Яковлевна
|
| 801 |
|
1 |
|a RU
|b 63413507
|c 20150730
|
| 801 |
|
2 |
|a RU
|b 63413507
|c 20150731
|g RCR
|
| 942 |
|
|
|c BK
|